000 00845 a2200217 4500
005 20080924104934.0
008 080924t xxu||||| |||| 00| 0 eng d
010 _aENG-87823
020 _a818988011X
_c300.00
035 _aEN-71356
037 _bD.B.Act / Pub
082 _a307.772
100 _aPaswan, Bijendra
245 _aThe Santhals in historical & social perspective
_cby Bijendra Paswan
260 _aNew Delhi
_bJanaki Prakashan
_c2007
270 _a1979, Ganj Mirkhan, Darya Ganj
_bNew Delhi
_e110002
300 _a119 p.
_c22 cm. (Hb.)
500 _aIncludes bibliograpgical refrences
942 _adpl
_cEN
_k307.772 / PAS
_2ddc
_h307.772
_mPAS
999 _c7058
_d7058